000
00292nam a2200109Ia 4500
008
220204s9999 xx 000 0 und d
082
_a
613.24
_b
VOA
100
_a
Voak, Sally Ann
245
0
_a
One hundred ideas for eating to be slim
260
_a
London
_b
Marshall Cavendish
_c
1976
942
_c
BK
999
_c
30075
_d
30075